Ariane (Record no. 635)

000 -LEADER
fixed length control field 00632nam a22002297a 4500
003 - CONTROL NUMBER IDENTIFIER
control field OSt
005 - DATE AND TIME OF LATEST TRANSACTION
control field 20210421062418.0
008 - FIXED-LENGTH DATA ELEMENTS--GENERAL INFORMATION
fixed length control field 201215s2005 ||||| |||| 00| 0 eng d
020 ## - INTERNATIONAL STANDARD BOOK NUMBER
International Standard Book Number 0962838128
040 ## - CATALOGING SOURCE
Original cataloging agency eng
Language of cataloging eng
Transcribing agency DLC
Modifying agency eng
041 ## - LANGUAGE CODE
Language code of text/sound track or separate title eng
080 ## - UNIVERSAL DECIMAL CLASSIFICATION NUMBER
Universal Decimal Classification number 821.111
Item number M-44
100 ## - MAIN ENTRY--PERSONAL NAME
9 (RLIN) 500
Personal name McGuire, George
245 ## - TITLE STATEMENT
Title Ariane
Statement of responsibility, etc. / by: McGuire Publishing Co, Inc
250 ## - EDITION STATEMENT
Edition statement 1st edition
260 ## - PUBLICATION, DISTRIBUTION, ETC.
Place of publication, distribution, etc. Atlanta
Name of publisher, distributor, etc. McGuire Publishing Co, Inc
Date of publication, distribution, etc. 2005
300 ## - PHYSICAL DESCRIPTION
Extent 213 p.
365 ## - TRADE PRICE
Price amount 19.95 usd
650 #0 - SUBJECT ADDED ENTRY--TOPICAL TERM
9 (RLIN) 254
Topical term or geographic name entry element English literature
653 ## - INDEX TERM--UNCONTROLLED
Uncontrolled term ინგლისური ლიტერატურა
942 ## - ADDED ENTRY ELEMENTS (KOHA)
Source of classification or shelving scheme
Koha item type Books
Edition 1
Holdings
Withdrawn status Lost status Source of classification or shelving scheme Damaged status Not for loan Permanent location Current location Date acquired Inventory number Total Checkouts Full call number Barcode Date last seen Price effective from Koha item type
          Ken Walker International University Ken Walker International University 12/15/2020 845   821.111 M-44 845 12/15/2020 12/15/2020 Books

Powered by Koha